书目信息 |
| 题名: |
错位与超越
|
|
| 作者: | 王光林 主编 | |
| 分册: | ||
| 出版信息: | 天津 南开大学出版社 2004.07 |
|
| 页数: | 334页 | |
| 开本: | 21cm | |
| 丛书名: | 南开21世纪华裔文学丛书 | |
| 单 册: | ||
| 中图分类: | I712.065 | |
| 科图分类: | ||
| 主题词: | 华人--文学研究--美国--21世纪 , 华人--文学研究--澳大利亚--21世纪 | |
| 电子资源: | ||
| ISBN: | 7-310-02069-3 | |
| 000 | 00868nam0 2200277 45 | |
| 001 | 012004015930 | |
| 005 | 20040831101934.0 | |
| 010 | @a7-310-02069-3@dCNY25.00 | |
| 100 | @a20041103d2004 em y0chiy50 ea | |
| 101 | 0 | @aeng |
| 102 | @aCN@b120000 | |
| 105 | @ay z 000zy | |
| 200 | 1 | @a错位与超越@Acuo wei yu chao yue@f王光林主编@Fwang guang lin zhu bian |
| 210 | @a天津@c南开大学出版社@d2004.07 | |
| 215 | @a334页@d21cm | |
| 225 | 2 | @a南开21世纪华裔文学丛书@9Nan Kai21 Shi Ji Hua Yi Wen Xue Cong Shu |
| 300 | @a英文版 | |
| 410 | 0 | @12001 @a南开21世纪华裔文学丛书 |
| 517 | 1 | @a美、澳华裔作家的文化认同 |
| 606 | 0 | @a华人@x文学研究@y美国@z21世纪 |
| 606 | 0 | @a华人@x文学研究@y澳大利亚@z21世纪 |
| 690 | @aI712.065@v4 | |
| 701 | 0 | @a王光林@Awang guang lin@4主编 |
| 801 | 0 | @aCN@bBZT@c20041103 |
| 905 | @aBZT@dI712.065@e1@f6 | |
| 906 | @dCNY25.00@n0@r1 | |
| 错位与超越/王光林主编.-天津:南开大学出版社,2004.07 |
| 334页;21cm.-(南开21世纪华裔文学丛书) |
| 英文版 |
| ISBN 7-310-02069-3:CNY25.00 |
| ● |
| 相关链接 |
|
|
|
正题名:错位与超越
索取号:I712.065/1
 
预约/预借
| 序号 | 登录号 | 条形码 | 馆藏地/架位号 | 状态 | 备注 |
| 1 | 0372506 | 200930145 | 样本书库/样006架A面4层1列/ [索取号:I712.065/1] | 在馆 | |
| 2 | 0372507 | 200930163 | 中心书库中库/打包BH1567/ [索取号:I712.065/1] | 在馆 | |
| 3 | 0372508 | 200930172 | 中心书库中库/打包BH1567/ [索取号:I712.065/1] | 在馆 | |
| 4 | 0372509 | 200930154 | 中心书库中库/打包BH1567/ [索取号:I712.065/1] | 在馆 | |
| 5 | 0372510 | 200930118 | 中心书库中库/打包BH1567/ [索取号:I712.065/1] | 在馆 | |
| 6 | 0372511 | 200930109 | 中心书库中库/打包BH1567/ [索取号:I712.065/1] | 在馆 |